ბათუმის შოთა რუსთაველის სახელმწიფო უნივერსიტეტის ბიბლიოთეკა

270 კითხვა-პასუხი ფინანსურ აღრიცხვაში : (ბიბ.ჩანაწერი № 61896)

000 -ლიდერი
ფიქსირებული სიგრძის საკონტროლო ველი 01226nam a22002297a 4500
003 - საკონტროლო ნომრის იდენტიფიკატორი
საკონტროლო ველი Ge_BSU
005 - ბოლო ოპერაციის თარიღი და დრო
საკონტროლო ველი 20240604155231.0
008 - ფიქსირებული სიგრძის მონაცემთა ელემენტები - ზოგადი ინფორმაცია
ფიქსირებული სიგრძის საკონტროლო ველი 240604s2008 ge ||||| |||| 00| 0 geo d
020 ## - წიგნის საერთაშორისო სტანდარტული ნომერი
International Standard Book Number 9789941100338
041 ## - ენის კოდი
Language code of text/sound track or separate title geo
080 ## - უნივერსალური ათობითი კლასიფიკაციის ინდექსი
Universal Decimal Classification number 657.15(076.2) კ-44
100 ## - მთავარი ჩანაწერი - პიროვნების სახელი
Personal name კვატაშიძე, ნადეჟდა.
9 (RLIN) 13182
245 ## - ცნობა სათაურის შესახებ
Title 270 კითხვა-პასუხი ფინანსურ აღრიცხვაში :
Remainder of title საკონტროლო კითხვები. სიტუაციური ამოცანები /
Statement of responsibility, etc ნ. კვატაშიძე, ა. ხორავა; [რედ. ზეინაბ გოგრიჭიანი].
264 ## - წარმოების, გამოცემის, დისტრიბუციის და სხვა ცნობები
გამოცემის, წარმოების, დისტრიბუციის... ადგილი თბ. :
გამოცემის, წარმოების, დისტრიბუციის... სახელწოდება მერიდიანი,
გამოცემის, წარმოების, დისტრიბუციის... თარიღი 2008.
300 ## - ფიზიკური აღწერა
Extent 158 გვ. ;
Other physical details 20 სმ.
653 ## - INDEX TERM--UNCONTROLLED
Uncontrolled term ფინგანსური აღრიცხვა
653 ## - INDEX TERM--UNCONTROLLED
Uncontrolled term საკონტროლო კითხვები
653 ## - INDEX TERM--UNCONTROLLED
Uncontrolled term სიტუაციური ამოცანები
700 ## - ADDED ENTRY--PERSONAL NAME
Personal name ხორავა, ანჟელი
Relator term ავტორი
9 (RLIN) 13183
700 ## - ADDED ENTRY--PERSONAL NAME
Personal name გოგრიჭიანი, ზეინაბ
Relator term რედაქტორი
9 (RLIN) 13245
942 ## - ADDED ENTRY ELEMENTS (KOHA)
Source of classification or shelving scheme
Koha item type წიგნი
ეგზემპლარები
ჩამოწერის სტატუსი დაკარგული ეგზემპლარის სტატუსი კლასიფიკაციის წყარო ან თაროზე გაწყობის სქემა დაზიანების სტატუსი არ გაიცემა მუდმივი მდებარეობა (დაცვის ადგილი) ამჟამინდელი ადგილსამყოფელი თაროზე განთავსების ადგილი შეძენის თარიღი ღირებულება, შესყიდვის ნორმალური ფასი სრული შენახვის შიფრი შტრიხკოდი ბოლო ოპერაციის თარიღი ეგზემპლარის მიმდევრობითი ნომერი (კეტერი?) ფასის ძალაში შესვლის თარიღი ეგზემპლარის სახეობა საჯარო შენიშვნა
          ბათუმის შოთა რუსთაველის სახელმწიფო უნივერსიტეტის მთავარი ბიბლიოთეკა ბათუმის შოთა რუსთაველის სახელმწიფო უნივერსიტეტის მთავარი ბიბლიოთეკა წიგნსაცავი 2024-06-04 7.00 657.15(076.2) კ-44 65972 2024-06-04 95972 2024-06-04 წიგნი 7 ლ.